Direito penal esquematizado / (Record no. 101)

MARC details
000 -LÍDER
Campo Fixo de Controle 01060nam a2200289 a 4500
001 - NÚMERO DE CONTROLE
Campo de Controle 101
003 - IDENTIFICAÇÃO DO NÚMERO DE CONTROLE
Campo de Controle BR-CuiBMT
005 - DATA E HORA DA ÚLTIMA ATUALIZAÇÃO
Campo de Controle 20231127194001.0
008 - DADOS FIXOS
Dados Fixos 230811s2012 spba 000 0 por d
020 ## - INTERNATIONAL STANDARD BOOK NUMBER
Nº do ISBN 9788530940003
040 ## - AGÊNCIA CATALOGADORA
Código da Agência Catalogadora BR-CuiBMT
Agência que transcreveu o registro BR-CuiBMT
080 ## - Nº DA CLASSIFICAÇÃO DECIMAL UNIVERSAL
Nº edição CDU 2007
Nº Class. CDU 343.2
090 ## - NÚMERO DE CHAMADA
Nº classificação 343.2
Cutter M419d
Ano/Edição 4. ed.
100 1# - ENTRADA PRINCIPAL -- AUTOR PESSOAL
Nome pessoal Masson, Cleber,
Datas associadas ao nome 1976-
245 10 - TÍTULO PRINCIPAL
Título principal Direito penal esquematizado /
Indicação de responsabilidade Cleber Masson.
250 ## - EDIÇÃO
Edição 4. ed., rev., atual. e ampl.
260 ## - PUBLICAÇÃO, DISTRIBUIÇÃO, ETC.
Local de publicação São Paulo :
Editora Método,
Data 2012.
300 ## - DESCRIÇÃO FÍSICA
N. páginas ou volumes 3 v. :
Ilustrações il. color. ;
Dimensões 23 cm
500 ## - NOTAS GERAIS
Notas gerais Em consonância com a jurisprudência atualizada do STF e do STJ. Gráficos e quadros esquemáticos. Questões de concursos públicos.
504 ## - NOTA DE BIBLIOGRAFIA, ETC.
Nota de bibliografia Inclui bibliografia.
505 0# - NOTA DE CONTEÚDO
Nota de conteúdo v. 1. Parte geral (arts. 1º a 120) -- v. 2. Parte especial (arts. 121 a 212) -- v. 3. Parte especial - (arts. 213 a 359-T).
590 ## - NOTA LOCAL
Nota local A Biblioteca possui apenas o volume 2.
650 ## - ASSUNTO TÓPICO
Cabeçalho tópico ou nome geográfico Direito penal
Subdivisão geográfica Brasil
650 ## - ASSUNTO TÓPICO
Cabeçalho tópico ou nome geográfico Direito público
650 ## - ASSUNTO TÓPICO
Cabeçalho tópico ou nome geográfico Direito processual penal
942 ## - ELEMENTOS DE ENTRADA ADICIONAIS (KOHA)
Fonte de classificação ou esquema de arquivamento Classificação Decimal Universal
Tipo de item do Koha Livros
Holdings
Estado: removido Estado: perdido Fonte de classificação ou esquema de arquivamento Estado: danificado Indisponível para empréstimo Localização permanente Localização atual Data de aquisição Numeração serial ou cronológica (Volume) Total Checkouts Número de Chamada completo Código de barras Date last seen Número do exemplar Preço efetivo a partir de Tipo de item (Koha)
    Classificação Decimal Universal     Biblioteca da Escola Superior de Contas do TCE/MT Biblioteca da Escola Superior de Contas do TCE/MT 08/11/2023 v. 2   343.2 M419d 4. ed. BIBTCEMT23110302 08/11/2023 Ex. 1 08/11/2023 Livros

Powered by Koha